000 00544cam a2200181 4500500
005 20260405003006.0
041 _afre
042 _adc
100 1 0 _aGastineau, Nicolas
_eauthor
245 0 0 _aIntensément vulnérables
260 _c2019.
500 _a14
690 _aAlexandre Lacroix
690 _aÉric Fiat
690 _aFatigue
786 0 _nPhilosophie magazine | 134 | 11 | 2019-11-01 | p. 25-27 | 1951-1787
856 4 1 _uhttps://shs.cairn.info/magazine-philosophie-magazine-2019-11-page-25?lang=fr&redirect-ssocas=7080
999 _c2063284
_d2063284